History Quiz

Random History or Politics Quiz

U.S. Representatives of New York Quiz Stats

 Plays Quiz not verified by Sporcle

Support Sporcle.
Go Orange.
Score 0/27 Timer 10:00
0 Plays Today
District Representative % Correct
27Chris Jacobs
100%
14Alexandria Ocasio-Cortez
92.9%
10Jerrold Nadler
85.7%
02Andrew R. Garbarino
78.6%
12Carolyn Maloney
78.6%
16Jamaal Bowman
78.6%
18Sean Maloney
78.6%
19Antonia Delgado
78.6%
11Nicole Malliotakis
71.4%
17Mondaire Jones
71.4%
01Lee Zeldin
64.3%
03Thomas Suozzi
64.3%
06Grace Meng
64.3%
07Nydia Velázquez
64.3%
District Representative % Correct
04Kathleen Rice
57.1%
05Gregory Meeks
57.1%
08Hakeem Jeffries
57.1%
09Yvette Clarke
57.1%
13Adriano Espaillat
57.1%
20Paul Tonko
57.1%
21Elise Stefanik
57.1%
22Claudia Tenney
57.1%
24John Katko
50%
26Brian Higgins
50%
15Ritchie Torres
42.9%
23Tom Reed
42.9%
25Joseph Morelle
42.9%

You're not logged in!

Compare scores with friends on all Sporcle quizzes.
OR
Log In

From the Vault

Chuck Lorre TV Shows

by jmadrox

[Insert Chuck Lorre Title Card Here]
Remove Ads.
Support Sporcle.
Get the best of Sporcle when you Go Orange. This ad-free experience offers more features, more stats, and more fun while also helping to support Sporcle. Thank you for becoming a member.

Show Comments

Extras

Top Quizzes Today


Score Distribution

Your Account Isn't Verified!

In order to create a playlist on Sporcle, you need to verify the email address you used during registration. Go to your Sporcle Settings to finish the process.

Report this User

Report this user for behavior that violates our Community Guidelines.

Details: